Loading...
| Fine Arts - Auditory | 1 | 5 | 0 | 0 | 65 | 60 | 106.33 | 1 | 6 | 0.00 | 0.00 |
| Literature - American | 0 | 3 | 1 | 0 | 25 | 105 | 129.00 | 1 | 3 | 0.00 | 0.00 |
| Literature - European | 0 | 2 | 0 | 0 | 20 | 132 | 138.00 | 0 | 1 | 0.00 | 0.00 |
| Literature - World | 0 | 2 | 0 | 0 | 20 | 112 | 123.50 | 1 | 2 | 0.00 | 0.00 |
| Fine Arts - Visual | 0 | 2 | 1 | 0 | 15 | 74 | 77.50 | 1 | 2 | 0.00 | 0.00 |
| History - European | 0 | 1 | 0 | 0 | 10 | 117 | 117.00 | 0 | 1 | 0.00 | 0.00 |
| History - Other | 0 | 1 | 0 | 1 | 10 | 138 | 138.00 | 1 | 1 | 0.00 | 0.00 |
| Philosophy | 0 | 1 | 0 | 0 | 10 | 132 | 132.00 | 0 | 1 | 0.00 | 0.00 |
| Science - Other | 0 | 0 | 0 | 0 | 0 | 0.00 | 0 | 0 | 0.00 | 0.00 | |
| Pop Culture | 0 | 0 | 0 | 0 | 0 | 0.00 | 0 | 0 | 0.00 | 0.00 | |
| History - World | 0 | 1 | 2 | 0 | 0 | 82 | 82.00 | 0 | 1 | 0.00 | 0.00 |